000 00540nam a2200217Ia 4500
999 _c64066
_d64066
003 0100
005 20170523115542.0
008 130303s9999 xx 000 0 und d
040 _cARRUPELIB
050 _aDT433.582.O35A85 19998
100 _aAtieno-Odhiambo E. S.
_930715
245 _aJaramogi Oginga Odinga
260 _bEast African Educational Publishers
_aNairobi
_c1998
300 _a34p.
300 _b 22cm.
440 _aMakers of Kenya' s history
_930956
600 _aOndinga, Ajuma Oginga
_930965
650 _aKenya
_xPolitics
_y1968
_930966
650 _aKenya
_xPolitics
_y1963 - 1978
_930967
942 _2lcc
_cMONOGRAPH